000 01768nam a2200481 i 4500
001 26741
003 KOSZ 005
005 20200513114304.0
008 021128s1974 pl f |000 0 pol
015 _aUWD 1975/473
035 _a991019892839705066
035 _a(PL-WaBN)b15392703-48omnis_nlop
035 _ab15392703
035 _a(OCoLC)749157685
035 _a(PL)b0000001539270
035 _a(EXLNZ-48OMNIS_NETWORK)9910460770205606
040 _aWA N
_cWA N
_dKOSZ 005/EG
041 1 _apol
_heng
080 _a502.7
080 _a628
080 _a614.7
100 1 _aCommoner, Barry
_d(1917- )
_eAutor
245 1 0 _aZamykający się krąg :
_bprzyroda, człowiek, technika /
_cBarry Commoner ; przeł. Jerzy Lutosławski ; przedm. do wyd. pol. A.S. Kostrowicki.
246 1 _iTyt. oryg.:
_aClosing circle :
_bnature, man and technology,
_f1971
260 _aWarszawa :
_bPańst. Wydaw. Ekonomiczne,
_c1974.
300 _a389, [3] s. ;
_c20 cm.
336 _aTekst
_btxt
_2rdacontent
337 _aBez urządzenia pośredniczącego
_bn
_2rdamedia
338 _aWolumin
_bnc
_2rdacarrier
380 _aKsiążki
388 _a1901-2000
388 _a1945-1989
500 _aTyt. oryg.: "The closing circle : nature, man and technology, 1971.
650 7 _aEkologia
_2DBN
650 7 _aŚrodowisko człowieka
_2DBN
658 _aOchrona środowiska
700 1 _aLutosławski, Jerzy
_d(1904-1974)
_eTłumaczenie
700 1 _aKostrowicki, Andrzej Samuel
_d(1921-2007)
_ePrzedmowa
710 2 _aPaństwowe Wydawnictwo Ekonomiczne
_4pbl
856 _uhttp://koha.tu.koszalin.pl/cgi-bin/koha/opac-detail.pl?biblionumber=26741
_yKatalog online BPK
942 _2UKD
_cKS
999 _c26741
_d26741